| 000 | 00622nam a2200181 4500 | ||
|---|---|---|---|
| 001 | 124214 | ||
| 003 | ES-MaACL | ||
| 005 | 20230906192340.0 | ||
| 007 | t| | ||
| 008 | 070214s1938 sp r ||||1| spa d | ||
| 100 | 1 |
_aRedondo, Onésimo. _995821 |
|
| 245 | 1 | 3 |
_aEl Estado Nacional / _cOnésimo Redondo. |
| 260 |
_aValladolid : _bLibertad, _c1938. |
||
| 300 |
_a146 p. ; _c22 cm. |
||
| 500 | _aEditado por la Delegación Nacional de Prensa y Propaganda de F. E. T. de las J. O. N. S. | ||
| 710 | 2 |
_aMovimiento Nacional (España). _bDelegación Nacional de Prensa, Propaganda y Radio. _95783 |
|
| 852 |
_aES-MaACL _jA-4786 |
||
| 999 |
_c124214 _d124214 |
||